Türkische Urkunden

Elmentve itt :
Bibliográfiai részletek
Szerző: Jacob Georg
Dokumentumtípus: Cikk
Megjelent: Trübner Strassburg 1917
Sorozat:Der Islam
Tárgyszavak:
Online Access:http://misc.bibl.u-szeged.hu/62713
LEADER 00669nab a2200217 i 4500
001 misc62713
005 20220922100548.0
008 220426s1917 hu o 0|| ger d
040 |a SZTE Miscellanea Repozitórium  |b hun 
041 |a ger 
041 |a tur 
100 1 |a Jacob Georg 
245 1 0 |a Türkische Urkunden  |h [elektronikus dokumentum] /  |c  Jacob Georg 
260 |a Trübner  |b Strassburg  |c 1917 
300 |a p. 269-287.  |c 26 cm 
490 0 |a Der Islam 
561 |a Németh Gyula hagyaték 
591 |a NOA 2457 
650 4 |a Bölcsészettudományok 
650 4 |a Nyelvek és irodalom 
856 4 0 |u http://misc.bibl.u-szeged.hu/62713/1/2457_noa_j11.pdf  |z Dokumentum-elérés